Study guide to accompany management
Saved in:
| Main Author: | |
|---|---|
| Other Authors: | , |
| Format: | Book |
| Language: | English |
| Published: |
New York :
McGraw-Hill,
1996
|
| Edition: | 2nd ed. |
| Subjects: | |
| Tags: |
Add Tag
No Tags, Be the first to tag this record!
|
MARC
| LEADER | 00000nam a2200000 i 4500 | ||
|---|---|---|---|
| 001 | 1/56535 | ||
| 008 | 980506s1996 eng d | ||
| 020 | |a 007005116X | ||
| 035 | |l 10028040 | ||
| 040 | |a GR-MY-UA |b gre |e aacr | ||
| 041 | 0 | |a eng | |
| 082 | 0 | |a 658 | |
| 100 | 1 | |a Bartol, Kathryn M. | |
| 245 | 1 | 0 | |a Study guide to accompany management / |c Kathryn M. Bartol ; David C. Martin ; prepared by E. Leroy Plumlee |
| 250 | |a 2nd ed. | ||
| 260 | |a New York : |b McGraw-Hill, |c 1996 | ||
| 300 | |a viii, 402 σ. | ||
| 650 | 0 | 0 | |a Management. |
| 700 | 1 | |a Martin, David Clarke. | |
| 700 | 1 | |a Plumlee, E. Leroy. | |
| 852 | |a INST |b CHIOS |e 19980506 |h 658 BAR |p 005200016583 |q 005200016583 |t BK |y 0 | ||
| 901 | |a BIBL-1998-2 | ||
| 909 | |a Χ |b 054329 | ||
| 922 | |a 2ΕΛΗ |b 199803 |c ΤΔΕ |d ΠΑΠΑΣΩΤΗΡΙΟΥ | ||